000
00234nam a2200097Ia 4500
008
230907s9999||||xx |||||||||||||| ||und||
082
_a
385.0973
_b
DIN
245
0
_a
Clean rail transportation options /
300
_a
223 p.
942
_c
BK
999
_c
600175
_d
600175